00226nam a2200097Ia 4500008004100000100000900041245002900050260002500079942000700104999001700111190216s9999||||xx |||||||||||||| ||und|| aNull 0aHindi-Chandini Ke Ar Par bHindi Sahithya Sadan cBK c17261d17261